000 00784nam a22002175i 4500
001 169867
003 ES-MaACL
005 20250831072601.0
008 081210s1935 fr |||| | fre d
080 _a27(09)
100 1 _aPoulet, Charles.
_9139060
245 1 0 _aHistoire de l'église /
_cCh. Poulet ; préface du F. Cabrol.
250 _a12e éd. rev. et augm.
260 _aParis :
_bBeauchesne et ses fils,
_c1935.
300 _a2 v. :
_bil. ;
_c20 cm.
505 8 _aContiene: 1. Antiquité et moyen age, débuts des temps modernes -- 2. Temps modernes
650 1 7 _aHistoria eclesiástica
_2embne
_913400
700 1 _aCabrol, Fernand.
_933332
852 _aES-MaACL
_jE-12337-38
_9R.190501
_z.- Biblioteca Jacinto Martínez Lacalle
999 _c169867
_d169867